Detalles MARC
| 000 -CABECERA |
| campo de control de longitud fija |
01732nam a2200313 i 4500 |
| 003 - IDENTIFICADOR DEL NÚMERO DE CONTROL |
| campo de control |
DO-SdBNP |
| 005 - FECHA Y HORA DE LA ÚLTIMA TRANSACCIÓN |
| campo de control |
20240507132840.0 |
| 006 - CÓDIGOS DE INFORMACIÓN DE LONGITUD FIJA--CARACTERÍSTICAS DEL MATERIAL ADICIONAL |
| campo de control de longitud fija |
a||||dr|||| 00| 0 |
| 007 - CAMPO FIJO DE DESCRIPCIÓN FÍSICA--INFORMACIÓN GENERAL |
| campo de control de longitud fija |
ta |
| 008 - DATOS DE LONGITUD FIJA--INFORMACIÓN GENERAL |
| campo de control de longitud fija |
240506e1997 dr ab||| |||| 00| 0 spa d |
| 040 ## - FUENTE DE LA CATALOGACIÓN |
| Centro catalogador/agencia de origen |
DO-SdBNP |
| Lengua de catalogación |
spa |
| Centro/agencia transcriptor |
BNPHU |
| Normas de descripción |
rda |
| 082 #4 - NÚMERO DE LA CLASIFICACIÓN DECIMAL DEWEY |
| Número de edición |
22 |
| Número de documento/Ítem |
M647m |
| 100 ## - ENTRADA PRINCIPAL--NOMBRE DE PERSONA |
| Código de función/relación |
Miller, Haydee |
| Término indicativo de función/relación |
autora |
| 245 10 - MENCIÓN DE TÍTULO |
| Título |
Matemática 6º. : |
| Resto del título |
sexto grado / |
| Mención de responsabilidad, etc. |
Haydee Miller, Vidalina González, Rita Abbot, Ligia Cohen, Kremly Pérez. |
| 264 ## - PRODUCCIÓN, PUBLICACIÓN, DISTRIBUCIÓN, FABRICACIÓN Y COPYRIGHT |
| Producción, publicación, distribución, fabricación y copyright |
Santo Domingo : |
| Nombre del de productor, editor, distribuidor, fabricante |
De Colores, |
| Fecha de producción, publicación, distribución, fabricación o copyright |
1997 |
| 300 ## - DESCRIPCIÓN FÍSICA |
| Extensión |
210 páginas : |
| Otras características físicas |
ilustraciones, mapas ; |
| Dimensiones |
27 cm. |
| 336 ## - TIPO DE CONTENIDO |
| Fuente |
rdacontent |
| Término de tipo de contenido |
texto |
| Código de tipo de contenido |
txt |
| 337 ## - TIPO DE MEDIO |
| Fuente |
rdamedia |
| Nombre/término del tipo de medio |
sin mediación |
| Código del tipo de medio |
n |
| 338 ## - TIPO DE SOPORTE |
| Fuente |
rdacarrier |
| Nombre/término del tipo de soporte |
volumen |
| Código del tipo de soporte |
nc |
| 500 ## - NOTA GENERAL |
| Nota general |
Libro oficial de matemática para el 6º. grado de la educación básica, aprobado por la Secretaría de Estado de Educación y Cultura- SEEC- mediante Resolución No. 945-97 de fecha 15 de agosto de 1997. |
| 505 ## - NOTA DE CONTENIDO CON FORMATO |
| Nota de contenido con formato |
Unidad 1. Capítulo 1. |
| Título |
Los números naturales, operaciones y estimaciones.-- |
| Información miscelánea |
Unidad 2. Capítulo 1. |
| Título |
Secuencias y divisibilidad.-- |
| Información miscelánea |
Unidad 3. Capítulo 1. |
| Título |
Cosntrucciones geométricas.-- |
| Información miscelánea |
Unidad 4. Capítulo 1. |
| Título |
Fracciones comunes y decimales.-- |
| Información miscelánea |
Unidad 5. Capítulo 1. |
| Título |
Razones, proporciones, porcentajes, semejanza.-- |
| Información miscelánea |
Unidad 6. Capítulo 1. |
| Título |
Análisis de datos.-- |
| Información miscelánea |
Unidad 7. Capítulo 1. |
| Título |
Medidas de longitud y de superficie.-- |
| Información miscelánea |
Unidad 8. Capítulo 1. |
| Título |
Los poliedros y sus volúmenes. |
| 590 ## - NOTA LOCAL (RLIN) |
| Nota local |
Inventariado 2024 / MF |
| 650 #4 - PUNTO DE ACCESO ADICIONAL DE MATERIA--TÉRMINO DE MATERIA |
| Término de materia o nombre geográfico como elemento de entrada |
Matemáticas |
| Subdivisión general |
Enseñanza |
| -- |
Libros de Texto |
| 9 (RLIN) |
43578 |
| 700 1# - PUNTO DE ACCESO ADICIONAL--NOMBRE DE PERSONA |
| Nombre de persona |
González, Vidalina, |
| Término indicativo de función/relación |
autora |
| 9 (RLIN) |
85387 |
| 700 1# - PUNTO DE ACCESO ADICIONAL--NOMBRE DE PERSONA |
| Nombre de persona |
Abbot, Rita, |
| 9 (RLIN) |
29760 |
| Término indicativo de función/relación |
autora |
| 700 1# - PUNTO DE ACCESO ADICIONAL--NOMBRE DE PERSONA |
| Nombre de persona |
Cohen, Ligia, |
| Término indicativo de función/relación |
autora |
| 9 (RLIN) |
85388 |
| 700 ## - PUNTO DE ACCESO ADICIONAL--NOMBRE DE PERSONA |
| Nombre de persona |
Pérez Lluberes, Kremly M., |
| 9 (RLIN) |
37302 |
| Término indicativo de función/relación |
autor |
| 942 ## - ELEMENTOS DE PUNTO DE ACCESO ADICIONAL (KOHA) |
| Fuente del sistema de clasificación o colocación |
Dewey Decimal Classification |
| Tipo de ítem Koha |
Libro |